000 00825nam a2200265 i 4500
003 EG-GICUC
005 20260427152411.0
008 260427s1952 us ||||fr|||| 00| 0 eng d
040 _aEG-GiCUC
_beng
_cEG-GiCUC
_dEG-GiCUC
_erda
082 0 4 _221
_a341.23
_bUN
092 0 4 _221
099 _aLaw1 11 341.23 UN 1952
245 1 0 _aUnited Nations Publications 1951.
_b
_n
_c
264 1 _aNew York :
_bUnited Nations Department of Public Information,
_c1952.
300 _a47pages :
_billustrations,
_c24 cm
336 _2rda content
_atext
337 _2rda media
_aComputer
338 _2rda carrier
_aOnline Resource
546 _aText in English
650 1 4 _2
_aPublic international law
651 1 _2
856 4 0 _uhttps://fll.law.cu.edu.eg/fulltext/bks/B11-09976.pdf
905 _a50
942 _2ddc
_cBK
_e21
_n0
999 _c73708
_d73708